ბათუმის შოთა რუსთაველის სახელმწიფო უნივერსიტეტის ბიბლიოთეკა

ანთროპოგენური ლანდშაფტები (ბიბ.ჩანაწერი № 34439)

000 -LEADER
fixed length control field 00937nam a2200241Ia 4500
001 - CONTROL NUMBER
control field 181
003 - CONTROL NUMBER IDENTIFIER
control field GE_BSU
008 - FIXED-LENGTH DATA ELEMENTS--GENERAL INFORMATION
fixed length control field 181216s||||||||xx |||||||||||||| ||und||
020 ## - INTERNATIONAL STANDARD BOOK NUMBER
International Standard Book Number 9789941130908
040 ## - CATALOGING SOURCE
Transcribing agency GE_BSU
080 ## - UNIVERSAL DECIMAL CLASSIFICATION NUMBER
Universal Decimal Classification number UDC:911.53(479.22)
100 ## - MAIN ENTRY--PERSONAL NAME
Personal name დავითაია, ეთერ; სეფერთელაძე,ზურაბ
245 ## - TITLE STATEMENT
Title ანთროპოგენური ლანდშაფტები
245 ## - TITLE STATEMENT
Remainder of title ანალიზი და სინთეზი
245 ## - TITLE STATEMENT
Statement of responsibility, etc. რედაქტორი ელიზბარაშვილი,ნოდარ
260 ## - PUBLICATION, DISTRIBUTION, ETC.
Place of publication, distribution, etc. თბილისი
260 ## - PUBLICATION, DISTRIBUTION, ETC.
Name of publisher, distributor, etc. თბილისის უნივერსიტეტის გამომცემლობა
260 ## - PUBLICATION, DISTRIBUTION, ETC.
Date of publication, distribution, etc. 2009
300 ## - PHYSICAL DESCRIPTION
Extent 152 გვ.
653 ## - INDEX TERM--UNCONTROLLED
Uncontrolled term ანთროპოგენური ლანდშაფტები
942 ## - ADDED ENTRY ELEMENTS (KOHA)
Koha item type წიგნი
ეგზემპლარები
Withdrawn status Lost status Damaged status Not for loan Date acquired Barcode Date last seen Price effective from Koha item type Public note
        2018-12-17 2055 2018-12-17 2018-12-17 წიგნი საცავი
        2018-12-17 2056 2018-12-17 2018-12-17 წიგნი საცავი
        2018-12-17 2057 2018-12-17 2018-12-17 წიგნი საცავი
        2018-12-17 2058 2018-12-17 2018-12-17 წიგნი საცავი
        2018-12-17 2376 2018-12-17 2018-12-17 წიგნი საცავი